| Поле | Название | Значение |
| |
Тип записи |
a |
| |
Библиографический уровень |
m |
| 001 |
Контрольный номер |
RU\infra-m\znanium\bibl\1836395 |
| 005 |
Дата корректировки |
20260429142155.7 |
| 008 |
Кодируемые данные |
250213s2021 RU g rus u |
| 020 |
Индекс ISBN |
__ |
| a |
ISBN |
978-5-16-109793-9 (электр. издание) |
| 040 |
Источник каталогиз. |
__ |
| a |
Служба первич. каталог. |
Общество с ограниченной ответственностью «ЗНАНИУМ» |
| 041 |
Код языка издания |
__ |
| a |
Код языка текста |
rus |
| 044 |
Код страны публикации |
__ |
| a |
Код страны публикации |
RU |
| 080 |
Индекс УДК |
__ |
| a |
Индекс УДК |
621.43.01(042.4)(075.8) |
| 084 |
Индекс другой классификации/Индекс ББК |
__ |
| 2 |
Источник индекса |
rubbk |
| a |
Индекс другой классификации/Индекс ББК |
31.365я73 |
| 084 |
Индекс другой классификации/Индекс ББК |
__ |
| 2 |
Источник индекса |
okso |
| a |
Индекс другой классификации/Индекс ББК |
23.03.03 |
| 084 |
Индекс другой классификации/Индекс ББК |
__ |
| 2 |
Источник индекса |
okso |
| a |
Индекс другой классификации/Индекс ББК |
23.05.01 |
| 084 |
Индекс другой классификации/Индекс ББК |
__ |
| 2 |
Источник индекса |
okso |
| a |
Индекс другой классификации/Индекс ББК |
35.03.06 |
| 100 |
Автор |
__ |
| a |
Автор |
Курасов В.С. |
| q |
Полное имя |
Курасов Владимир Станиславович |
| 245 |
Заглавие |
__ |
| a |
Заглавие |
Теория двигателей внутреннего сгорания |
| b |
Продолж. заглавия |
Учебное пособие |
| 250 |
Сведения об издании |
__ |
| a |
Основные сведения об издании |
1 |
| 260 |
Выходные данные |
__ |
| a |
Место издания |
Москва |
| b |
Издательство |
ООО "Научно-издательский центр ИНФРА-М" |
| c |
Дата издания |
2021 |
| 300 |
Физическое описание |
__ |
| a |
Объем |
86 с. |
| 440 |
Серия |
__ |
| a |
Серия |
Высшее образование: Бакалавриат |
| 520 |
Аннотация |
__ |
| a |
Аннотация |
В учебном пособии рассматриваются методы теоретического моделирования и расчета процессов составляющих рабочий цикл двигателя внутреннего сгорания. Анализируется влияние различных факторов на процессы наполнения сжатия сгорания расширения и выпуска. Приводятся методы определения индикаторных и эффективных показателей рабочего цикла а также основных конструктивных параметров двигателей. Предназначено для студентов высших учебных заведений обучающихся по направлениям подготовки 35.03.06 «Агроинженерия» (уровень бакалавриата) 23.03.03 «Эксплуатация транспортно-технологических машин и комплексов» (уровень бакалавриата) и специальности 23.05.01 «Наземные транспортно-технологические средства» (уровень специалитета). |
| 521 |
Примеч. о цел. назн. |
__ |
| a |
Примеч. о целев. назн. |
ВО - Бакалавриат |
| 650 |
Тематические рубрики |
__ |
| a |
Основная рубрика |
Транспорт |
| x |
Основная подрубрика |
Автомобильный транспорт |
| 655 |
Указ. предметных рубрик (устаревшее) |
__ |
| a |
Жанр/ форма (устаревшее) |
Учебное пособие |
| 700 |
Другие авторы |
__ |
| a |
Другие авторы |
Драгуленко В.В. |
| q |
Полное имя |
Драгуленко Владислав Владимирович |
| 856 |
Электронный адрес документа |
4_ |
| a |
Имя сервера/домена |
znanium.com |
| m |
Помощь |
ebs_support@infra-m.ru |
| n |
Местонахождение сервера |
НИЦ ИНФРА-М |
| u |
URL |
https://znanium.com/catalog/document?id=385422 |
| 856 |
Электронный адрес документа |
48 |
| a |
Имя сервера/домена |
znanium.com |
| d |
Путь |
/cover/1836 |
| f |
Электронное имя |
1836395.jpg |
| q |
Тип электронного формата |
image/jpeg |
| u |
URL |
https://znanium.com/cover/1836/1836395.jpg |
| 911 |
|
__ |
| u |
|
0030=https://znanium.com/catalog/document?id=385422 |